Let's read about george washington / (Record no. 5120)

MARC details
000 -LEADER
fixed length control field 00916nam a22003017a 4500
001 - CONTROL NUMBER
control field 5120
003 - CONTROL NUMBER IDENTIFIER
control field FISKH
005 - DATE AND TIME OF LATEST TRANSACTION
control field 20250827150946.0
008 - FIXED-LENGTH DATA ELEMENTS--GENERAL INFORMATION
fixed length control field 241107b cb ||||| |||| 00| 0 eng d
020 ## - INTERNATIONAL STANDARD BOOK NUMBER
International Standard Book Number 078073003990
040 ## - CATALOGING SOURCE
Original cataloging agency FISKH
Language of cataloging eng
Transcribing agency FISKH
Modifying agency FISKH
050 ## - LIBRARY OF CONGRESS CALL NUMBER
Classification number E312.W44
082 ## - DEWEY DECIMAL CLASSIFICATION NUMBER
Classification number 973.41092
100 ## - MAIN ENTRY--PERSONAL NAME
Personal name Weinberger, Kimberly
245 ## - TITLE STATEMENT
Title Let's read about george washington /
Statement of responsibility, etc. by Kimberly Weinberger Illustrated by Bob Doucet
250 ## - EDITION STATEMENT
Edition statement First printing in 2002
260 ## - PUBLICATION, DISTRIBUTION, ETC.
Place of publication, distribution, etc. New York :
Name of publisher, distributor, etc. Scholastic,
Date of publication, distribution, etc. 2002.
300 ## - PHYSICAL DESCRIPTION
Extent 29 pages :
Other physical details color illustrations ;
Dimensions 23 cm
505 ## - FORMATTED CONTENTS NOTE
Formatted contents note J<br/>
520 ## - SUMMARY, ETC.
Summary, etc. A simple biography of the first president of the United States.
521 8# - TARGET AUDIENCE NOTE
Target audience note 500<br/><br/>
Source Lexile<br/>
521 8# - TARGET AUDIENCE NOTE
Target audience note J<br/>
Source Raz-Plus<br/>
650 ## - SUBJECT ADDED ENTRY--TOPICAL TERM
Source of heading or term Non-fiction
Topical term or geographic name entry element Presidents
650 ## - SUBJECT ADDED ENTRY--TOPICAL TERM
Source of heading or term Biographies
Topical term or geographic name entry element American history
700 ## - ADDED ENTRY--PERSONAL NAME
Personal name Doucet, Bob
Dates associated with a name Illustrator
942 ## - ADDED ENTRY ELEMENTS (KOHA)
Source of classification or shelving scheme Dewey Decimal Classification
Koha item type Books
Suppress in OPAC No
Holdings
Withdrawn status Lost status Source of classification or shelving scheme Damaged status Not for loan Collection Home library Current library Shelving location Date acquired Total Checkouts Full call number Barcode Date last seen Copy number Price effective from Koha item type
    Dewey Decimal Classification     Non-Fiction Footprints International School Library Network Toul Kork Campus Footprints International School Library Network Toul Kork Campus TK Primary Library Room(4th Floor), Bookcase 1&2, Shelves 1-16, Dark Blue Books 11/07/2024   WEI 973.41092 E312.W44 FISTK01721 11/07/2024 1 11/07/2024 Books
    Dewey Decimal Classification     Non-Fiction Footprints International School Library Network Toul Tom Poung Campus Footprints International School Library Network Toul Tom Poung Campus TTP Primary Dark Blue Bookshelves 08/05/2025   WEI 973.41092 E312.W44 FISBK01558 08/05/2025 2 08/05/2025 Books
    Dewey Decimal Classification     Non-Fiction Footprints International School Library Network Toul Tom Poung Campus Footprints International School Library Network Toul Tom Poung Campus TTP Primary Dark Blue Bookshelves 08/20/2025   WEI 973.41092 E312.W44 FISBK01560 08/20/2025 3 08/20/2025 Books
    Dewey Decimal Classification     Non-Fiction Footprints International School Library Network Toul Tom Poung Campus Footprints International School Library Network Toul Tom Poung Campus TTP Primary Dark Blue Bookshelves 08/27/2025   WEI 973.41092 E312.W44 FISBK01559 08/27/2025 4 08/27/2025 Books
    Dewey Decimal Classification     Non-Fiction Footprints International School Library Network Toul Tom Poung Campus Footprints International School Library Network Toul Tom Poung Campus TTP Primary Dark Blue Bookshelves 08/27/2025   WEI 973.41092 E312.W44 FIS01728 08/27/2025 5 08/27/2025 Books